000
00319nam a22001337a 4500
008
190311b xxu||||| |||| 00| 0 eng d
020
_a
9780558099435
041
_a
eng
080
_a
070
100
_a
40
101
_a
MK
245
_a
Communicating a social, career, and cultural focus
_c
Berko,R.M
942
_2
udc
_c
BK
999
_c
54661
_d
54661